Southville International School and Colleges
Your cart is empty.
  • Cart
  • Lists
    Public lists Eva Luna New books Lux_list list_1
    Your lists Log in to create your own lists
  • Log in to your account
  • Your cookies
  • Search history
Southville International School and Colleges
  • Advanced search
  • Recent comments
  • Most popular
  • Libraries

Log in to your account

Log in with GOOGLE


If you do not have an external account, but do have a local account, you can still log in:

  1. Home
  2. MARC view: Introduction to multinational business finance /
Normal view MARC view ISBD view

Introduction to multinational business finance / (Record no. 357250)

[ view plain ]
MARC details
000 -LEADER
fixed length control field 00642nam a2200217Ia 4500
008 - FIXED-LENGTH DATA ELEMENTS--GENERAL INFORMATION
fixed length control field 180523s9999 xx 000 0 und d
020 ## - INTERNATIONAL STANDARD BOOK NUMBER
International Standard Book Number 978-981-06-9952-9
050 ## - LIBRARY OF CONGRESS CALL NUMBER
Classification number MAIN HG 4011
050 ## - LIBRARY OF CONGRESS CALL NUMBER
Item number .E38 2007
100 ## - MAIN ENTRY--PERSONAL NAME
Personal name Eiteman, David K.
245 #0 - TITLE STATEMENT
Title Introduction to multinational business finance /
245 #0 - TITLE STATEMENT
Statement of responsibility, etc David K. Eiteman, Arthur I. Stonehill, Michael H. Moffett.
250 ## - EDITION STATEMENT
Edition statement 11th Edition
260 ## - PUBLICATION, DISTRIBUTION, ETC. (IMPRINT)
Place of publication, distribution, etc Singapore :
260 ## - PUBLICATION, DISTRIBUTION, ETC. (IMPRINT)
Name of publisher, distributor, etc Pearson Education South Asia,
260 ## - PUBLICATION, DISTRIBUTION, ETC. (IMPRINT)
Date of publication, distribution, etc 2007
300 ## - PHYSICAL DESCRIPTION
Extent 746 pages :
300 ## - PHYSICAL DESCRIPTION
Dimensions 23 cm.
500 ## - GENERAL NOTE
General note Includes index.
650 ## - SUBJECT ADDED ENTRY--TOPICAL TERM
General subdivision International business enterprise -- Finance.
Holdings
Withdrawn status Lost status Damaged status Home library Current library Shelving location Date acquired Cost, normal purchase price Total Checkouts Full call number Barcode Date last seen Price effective from Koha item type
      South Mansfield College South Mansfield College   02/04/2011 798.00   MAIN HG 4011 .E38 2007 SMC05445 05/23/2018 05/23/2018  

Introduction to multinational business finance /

APA

Eiteman D. K., .Introduction to multinational business finance. Singapore: .

Chicago

Eiteman David K, .Introduction to multinational business finance. Singapore: .

Harvard

Eiteman D. K., .Introduction to multinational business finance. Singapore: .

MLA

Eiteman David K, .Singapore: . .

  • Place hold
  • Print
  • Cite
  • Add to your cart (remove)
  • Save record
    BIBTEX Dublin Core MARCXML MARC (non-Unicode/MARC-8) MARC (Unicode/UTF-8) MARC (Unicode/UTF-8, Standard) MODS (XML) RIS
  • More searches
    Search for this title in:
    Other Libraries (WorldCat) Other Databases (Google Scholar) Online Stores (Bookfinder.com) Open Library (openlibrary.org)

Exporting to Dublin Core...

SOUTHVILLE LIBRARY

Southville International School and Colleges Library

1281 Tropical Ave. Cor. Luxembourg St., BF Homes International, Las Pinas City

Tel. No. 8256374 / 252358 Loc. 117/146

Powered by Koha